000 00324nam a2200133Ia 4500
008 150201s2009 xx 000 0 und d
082 _a616.07
_bW09G
100 _aGREER,JOHN P
245 _aWINTROB'S CLINICAL HEMATOLOGY-II
250 _a10TH
260 _bWOLTERKULWER
_aDELHI
_c2009
650 _aPATHOLOGY
942 _2ddc
_cBK
999 _c731
_d731